000 00628nam a2200193Ia 4500
003 GCL
005 20240530102349.0
008 140319s9999 xx 000 0 ara d
040 _aGCL /
_cGCL
082 0 4 _a155.663
_bك س
100 1 _aكاميليا عبدالفتاح
245 1 0 _aسيكلوجية المرأة العاملة /
_cكاميليا عبدالفتاح
260 _a[S.N] :
_bنهضة مصر للطباعة والنشر والتوزيع ،
_c1990
300 _a303 ص
650 0 4 _aالمرأة
650 0 4 _aعلم النفس
650 0 4 _aالمرأة فى الحياة العامة
942 _2ddc
_cBK
999 _c31713
_d31713